000 00842nam a2200277 i 4500
005 20260330163754.0
008 260330t20252025my gr o001 0 may d
020 _a9789834951917
_cRM74.00
_qpaperback
040 _aPPAK
_beng
_cPPAK
_erda
082 0 4 _223
_a297.5
090 0 0 _a297.5
_bMAR
_dG
100 0 _aMarmoh Kasman,
_eauthor.
245 1 0 _aAKHLAK DALAM ISLAM /
_cMARMOH KASMAN
264 1 _aKuala Lumpur :
_bDewan Bahasa dan Pustaka,
_c2025
264 4 _c©2025
300 _axiv, 446 pages ;
_c22 cm
336 _atext
_2rdacontent
337 _aunmediated
_2rdamedia
338 _avolume
_2rdacarrier
500 _aIncludes index
504 _aBibliography: pages 437-439
650 1 0 _aIslamic ethics
650 2 0 _aIslam
_xCustoms and practices
650 2 0 _aMuslims
_xConduct of life
942 _2ddc
_cB
999 _c203591
_d203591